Flora das cangas da Serra dos Carajás, Pará, Brasil: Polypodiaceae (Registro n. 331417)
[ somente texto ]
| 000 -LÍDER | |
|---|---|
| fixed length control field | 02105nab a2200265 i 4500 |
| 003 - CÓDIGO MARC DA AGÊNCIA CATALOGADORA | |
| Campo de controle | BR-BrBNA |
| 005 - DATA E HORA DA ÚLTIMA ATUALIZAÇÃO | |
| Campo de controle | 20250512100401.0 |
| 008 - CAMPO DE TAMANHO FIXO | |
| fixed length control field | 250512b2017 bl.qr|pooa||| 00| 0 por | |
| 040 ## - FONTE DA CATALOGAÇÃO | |
| Agência catalogadora | BR-BrBNA |
| Idioma da catalogação | por |
| 072 ## - CATEGORIA AGRIS | |
| Código AGRIS | F70 |
| 100 ## - ENTRADA PRINCIPAL - NOME PESSOAL | |
| Nome pessoal | Almeida, Thaís Elias |
| 100 ## - ENTRADA PRINCIPAL - NOME PESSOAL | |
| Nome pessoal | Sousa, Daciele Conceição Sarmento |
| 100 ## - ENTRADA PRINCIPAL - NOME PESSOAL | |
| Nome pessoal | Costa, Elivelton Corrêa |
| 100 ## - ENTRADA PRINCIPAL - NOME PESSOAL | |
| Nome pessoal | Salino, Alexandre |
| 245 ## - TÍTULO PRINCIPAL | |
| Título principal | Flora das cangas da Serra dos Carajás, Pará, Brasil: Polypodiaceae |
| 500 ## - NOTA GERAL | |
| Nota geral | Publicação on-line; 15 ref.; 4 illus.; Summaries (En, Pt) |
| 942 ## - ADDED ENTRY ELEMENTS (KOHA) | |
| Koha item type | Analítica |
| 520 ## - NOTA DE RESUMO | |
| Nota de conteúdo | <br/><br/>Resumo<br/><br/>Este estudo engloba os táxons de Polypodiaceae registrados nas cangas da Serra dos Carajás, no estado do Pará, trazendo<br/>descrições, ilustrações e comentários morfológicos. Foram registrados oito táxons para a área de estudo, distribuídos<br/>em seis gêneros: Campyloneurum centrobrasilianum, C. phyllitidis, Microgrammalycopodioides, M. persicariifolia, Pecluma plumula, <br/>Pleopeltis polypodioides var. burchellii, Phlebodium decumanum e Serpocaulon triseriale. <br/><br/>Palavras-chave: Campyloneurum, FLONA Carajás, Microgramma, samambaias, taxonomia.<br/><br/><br/><br/><br/><br/>Abstract<br/><br/>This study addresses the Polypodiaceae reported on canga formations in Serra dos Carajás, Pará state, presenting<br/>descriptions, illustrations and morphological comments. Eight taxa were recorded in the study area, belonging to six<br/>genera: Campyloneurum centrobrasilianum, C. phyllitidis, Microgrammalycopodioides, M. persicariifolia, Pecluma<br/>plumula, Pleopeltis polypodioides var. burchellii, Phlebodium decumanum and Serpocaulon triseriale. <br/><br/>Key words: Campyloneurum, FLONA Carajás, Microgramma, ferns, taxonomy. |
| 650 ## - ASSUNTO - THESAGRO | |
| Cabeçalho tópico ou nome geográfico | CARAJÁS |
| 650 ## - ASSUNTO - THESAGRO | |
| Cabeçalho tópico ou nome geográfico | SAMAMBAIA |
| 650 ## - ASSUNTO - THESAGRO | |
| Cabeçalho tópico ou nome geográfico | TAXONOMIA |
| 773 0# - ENTRADA ANALÍTICA | |
| Host Biblionumber | 709 |
| Registro do item | 350025 |
| Imprenta | Rio de Janeiro-RJ Jardim Botanico do Rio de Janeiro 1935 |
| Outro identificador | 2025-2634 |
| Título | Rodriguésia (Brazil) |
| ISSN | 0370-6583; 2175-7860 on-line |
| Colação | v. 68(3 special number) p. 871-880; (2017) |
| Número de controle de registro | BR2025000907 |
| 856 ## - ACESSO E ENDEREÇO ELETRÔNICO | |
| Identificador uniforme de recurso - URI | https://www.scielo.br/j/rod/a/YWkfzs6fzQSwpCkG7kXKJqD/?format=pdf&lang=pt |
Nenhum exemplar disponível.

BINAGRI